00898nam a22002417a 450000500170000001000130001702000100003003500130004003700160005304000120006908200190008110000320010024501110013224600830024326000580032627000730038430000200045750000200047765000270049765000700052465000210059465000410061520170123162344.0 aA-603607 c21.00 aA-603607 bCen Lib/Ret aDPLbUR a921bا ب و  aرشید الدین خان  aمولانا ابل کلام آزاد :cرشید الدین خان bشخصیت سیاست پیغام / aMaulana Abul Kalam Azad : shakhsiat, siyasat, paigham /bby Rasheeduddin Khan  aنیی دہلی bترقی اردو بیورو c1989 bنیی دہلی aویسٹ بلوچک٨، ار.کے. پرم e110066 a336p.c21cm(Hb) aکتابیات  a سیاسی رہنما a سوانح حیات - مولانا ابوالکلام آزاد aPolitical Leader aBiography -- Maulana Abul Kalam Azad